Impuesto a las ganancias (Registro nro. 30285)
[ vista simple ]
| 000 -LEADER | |
|---|---|
| fixed length control field | 00299 a2200109 4500 |
| 001 - CONTROL NUMBER | |
| control field | ART_27853 |
| 005 - DATE AND TIME OF LATEST TRANSACTION | |
| control field | 20260410161950.0 |
| 008 - FIXED-LENGTH DATA ELEMENTS--GENERAL INFORMATION | |
| fixed length control field | 260409a |
| 100 1# - MAIN ENTRY--PERSONAL NAME | |
| Personal name | Ferullo, Claudio F. |
| 245 10 - TITLE STATEMENT | |
| Title | Impuesto a las ganancias |
| 773 0# - HOST ITEM ENTRY | |
| Title | Invenio |
| Related parts | - Año 5, Nº 8 (jun. 2002) |
| Record control number | REV27781 |
No hay ítems disponibles.